LEADER 01026nam0-22002771i-450- 001 990003106200403321 005 20070207132937.0 035 $a000310620 035 $aFED01000310620 035 $a(Aleph)000310620FED01 035 $a000310620 100 $a20030910d1985----km-y0itay50------ba 101 0 $aeng 102 $aIT 200 1 $a<>international transmission of price level and output disturbances between raw material producer and industrial countries$ea Kaldorian analysis$fGiorgia Giovannetti 210 $aRoma$cR.D.E. Editrice$d1985 215 $a21 p.$d28 cm 225 1 $aTemi di ricerca$fEnte per gli studi monetari bancari e finanziari Luigi Einaudi$v2 700 1$aGiovannetti,$bGiorgia$0124194 801 0$aIT$bUNINA$gRICA$2UNIMARC 901 $aBK 912 $a990003106200403321 952 $aA/7.1 TEM/2$b5676$fSES 959 $aSES 996 $aInternational transmission of price level and output disturbances between raw material producer and industrial countries$9461736 997 $aUNINA LEADER 03010nam 2200613Ia 450 001 9910953469703321 005 20250515135833.0 010 $a0-19-975281-8 010 $a1-282-54482-9 010 $a9786612544828 010 $a0-19-975062-9 035 $a(CKB)2670000000013988 035 $a(EBL)497618 035 $a(OCoLC)607554882 035 $a(SSID)ssj0000359952 035 $a(PQKBManifestationID)11233929 035 $a(PQKBTitleCode)TC0000359952 035 $a(PQKBWorkID)10318506 035 $a(PQKB)10977831 035 $a(MiAaPQ)EBC497618 035 $a(Au-PeEL)EBL497618 035 $a(CaPaEBR)ebr10386328 035 $a(CaONFJC)MIL254482 035 $a(EXLCZ)992670000000013988 100 $a20100106d2010 uy 0 101 0 $aeng 135 $aur|n|---||||| 181 $ctxt 182 $cc 183 $acr 200 10$aFaith and power $ereligion and politics in the Middle East /$fBernard Lewis 210 $aNew York $cOxford University Press$d2010 215 $a1 online resource (231 pages) 300 $aDescription based upon print version of record. 311 08$a0-19-514421-X 327 $aContents; Foreword; Credits; CHAPTER 1 License to Kill: Osama bin Ladin's Declaration of Jihad; CHAPTER 2 Europe and Islam; CHAPTER 3 Religion and Politics in Islam and Judaism; CHAPTER 4 Islam and Liberal Democracy; CHAPTER 5 Free at Last?: The Arab World in the Twenty-first Century; CHAPTER 6 Gender and the Clash of Civilizations; CHAPTER 7 Democracy and Religion in the Middle East; CHAPTER 8 Peace and Freedom in the Middle East; CHAPTER 9 Democracy, Legitimacy, and Succession in the Middle East 327 $aCHAPTER 10 The Relevance of History: Transcript: Organization of the Islamic Conference, European Union, FranceCHAPTER 11 Freedom and Justice in Islam; CHAPTER 12 Europe and Islam; CHAPTER 13 Freedom and Justice in the Modern Middle East 330 $aBernard Lewis is recognized around the globe as one of the leading authorities on Islam. Hailed as ""the world's foremost Islamic scholar"" (Wall Street Journal ), as ""a towering figure among experts on the culture and religion of the Muslim world"" (Baltimore Sun ), and as ""the doyen of Middle Eastern studies"" (New York Times ), Lewis is nothing less than a national treasure, a trusted voice that politicians, journalists, historians, and the general public have all turned to for insight into the Middle East. Now, Lewis has brought together writings on religion and government in the Middle 606 $aIslam$xHistory 606 $aIslam$xRelations 606 $aEast and West 607 $aMiddle East$xReligion 615 0$aIslam$xHistory. 615 0$aIslam$xRelations. 615 0$aEast and West. 676 $a297.2/720956 700 $aLewis$b Bernard$f1916-2018.$0765692 801 0$bMiAaPQ 801 1$bMiAaPQ 801 2$bMiAaPQ 906 $aBOOK 912 $a9910953469703321 996 $aFaith and power$94378025 997 $aUNINA LEADER 04331nam 22007695 450 001 9910616360403321 005 20251217161258.0 010 $a3-031-09551-0 024 7 $a10.1007/978-3-031-09551-1 035 $a(MiAaPQ)EBC7105454 035 $a(Au-PeEL)EBL7105454 035 $a(CKB)24978728400041 035 $a(DE-He213)978-3-031-09551-1 035 $a(PPN)265856205 035 $a(EXLCZ)9924978728400041 100 $a20221003d2022 u| 0 101 0 $aeng 135 $aurcnu|||||||| 181 $ctxt$2rdacontent 182 $cc$2rdamedia 183 $acr$2rdacarrier 200 10$aGroundwater and Water Quality $eHydraulics, Water Resources and Coastal Engineering /$fedited by Ramakar Jha, Vijay P. Singh, Vivekanand Singh, L.B. Roy, Roshni Thendiyath 205 $a1st ed. 2022. 210 1$aCham :$cSpringer International Publishing :$cImprint: Springer,$d2022. 215 $a1 online resource (402 pages) 225 1 $aWater Science and Technology Library,$x1872-4663 ;$v119 311 08$aPrint version: Jha, Ramakar Groundwater and Water Quality Cham : Springer International Publishing AG,c2022 9783031095504 327 $aIdentification of the parameters to estimate the capillary rise from shallow groundwater table using field crop experiments -- Study of Groundwater Table fluctuation in the command area of Bhagwanpur Distributary of the Eastern Gandak Project -- Assessment of heavy metals in sediments from exploratory wells for riverbank filtration sites impacted by extreme environmental conditions using principal component analysis -- Simulation of re-aeration coefficient using ANFIS and ARIMA models -- Identification of unknown number of clandestine groundwater pollution source locations and their release flux histories - by Anirban Chakraborty and Om Prakash. . 330 $aThis book deals with topics of current interest, such as climate change, floods, drought, and hydrological extremes. The impact of climate change on water resources is drawing worldwide attention these days, for water resources in many countries are already stressed and climate change along with burgeoning population, rising standard of living, and increasing demand are adding to the stress. Further, river basins are becoming less resilient to climatic vagaries. Fundamental to addressing these issues is hydrological modelling which is covered in these books. Further, integrated water resources management is vital to ensure water and food security. Integral to the management is groundwater and solute transport. The books encompass tools that will be useful to mitigate the adverse consequences of natural disasters. This book provides many new and innovative methods to assess groundwater and estimate water pollution. Groundwater recharge, solutetransport, ground water modelling are some of the important variable used to estimate the groundwater movement, hydraulic gradient and pollution movement. The water quality is another important variable of river Ganga and its tributaries in India and other rivers over the globe. . 410 0$aWater Science and Technology Library,$x1872-4663 ;$v119 606 $aEarth sciences 606 $aPhysical geography 606 $aWater 606 $aHydrology 606 $aNatural disasters 606 $aEarth Sciences 606 $aEarth System Sciences 606 $aWater 606 $aNatural Hazards 606 $aEarth System Sciences 606 $aHidrologia d'aigües subterrànies$2thub 606 $aQualitat de l'aigua$2thub 606 $aCanvi climàtic$2thub 608 $aLlibres electrònics$2thub 615 0$aEarth sciences. 615 0$aPhysical geography. 615 0$aWater. 615 0$aHydrology. 615 0$aNatural disasters. 615 14$aEarth Sciences. 615 24$aEarth System Sciences. 615 24$aWater. 615 24$aNatural Hazards. 615 24$aEarth System Sciences. 615 7$aHidrologia d'aigües subterrànies 615 7$aQualitat de l'aigua 615 7$aCanvi climàtic 676 $a628.114 676 $a551.49 702 $aJha$b Ramakar 801 0$bMiAaPQ 801 1$bMiAaPQ 801 2$bMiAaPQ 906 $aBOOK 912 $a9910616360403321 996 $aGroundwater and water quality$93058828 997 $aUNINA